Catálogo
 En Linea

La moral católica para la escuela y para la vida : (Registro nro. 25296)

Detalles MARC
000 -CABECERA
campo de control de longitud fija 00549nam a2200181 a 4500
001 - NÚMERO DE CONTROL
campo de control 000025804
005 - FECHA Y HORA DE LA ÚLTIMA TRANSACCIÓN
campo de control 20200930024048.0
008 - DATOS DE LONGITUD FIJA--INFORMACIÓN GENERAL
campo de control de longitud fija 110217s1969 sp a r 000 | spa d
040 ## - FUENTE DE LA CATALOGACIÓN
Centro catalogador/agencia de origen DO-SdBNP
Lengua de catalogación spa
Centro/agencia transcriptor BNPHU
082 ## - NÚMERO DE LA CLASIFICACIÓN DECIMAL DEWEY
Número de clasificación xxxxx
Número de documento/Ítem R894m
049 ## - FONDOS LOCALES (OCLC)
Fondos de biblioteca BNGR
100 1# - ENTRADA PRINCIPAL--NOMBRE DE PERSONA
Nombre de persona Ruano Ramos, Juan Antonio,
9 (RLIN) 52616
245 13 - MENCIÓN DE TÍTULO
Título La moral católica para la escuela y para la vida :
Resto del título quinto curso /
Mención de responsabilidad, etc. Juan Antonio Ruano Ramos.
260 ## - PUBLICACIÓN, DISTRIBUCIÓN, ETC.
Lugar de publicación, distribución, etc. Salamanca :
Nombre del editor, distribuidor, etc. Anaya ,
Fecha de publicación, distribución, etc. 1969.
300 ## - DESCRIPCIÓN FÍSICA
Extensión 206 p. ;
Dimensiones 21 cm.
490 1# - MENCIÓN DE SERIE
Mención de serie Textos Anaya
830 #0 - PUNTO DE ACCESO ADICIONAL DE SERIE-TÍTULO UNIFORME
Título uniforme Textos Anaya
9 (RLIN) 52617
Existencias
Estado de retiro Estado de pérdida Restricciones de uso No para préstamo Código de colección Localización permanente Ubicación/localización actual Ubicación en estantería Fecha de adquisición Número de inventario Total de préstamos Signatura topográfica completa Código de barras Fecha visto por última vez Precio válido a partir de Tipo de ítem Koha
      Excluido de préstamo Monografías: Libros y Folletos General General En catalogación 22.02.2011 LF1   xxxxx R894m 25804-10 25.06.2020 25.06.2020 No se presta

Con tecnología Koha